000 00947nam a22002897a 4500
001 BR7901568
003 BR-BrBNA
005 20230928085950.0
007 ta
008 230509b bl.||||| |||| 00| 0 por d
040 _aBR-BrBNA
_bpor
_cBiblioteca Nacional de Agricultura
041 _a(Eng)
072 _aE70
_b0120
_b/G514
090 _ 0120 BR7901568
100 1 _aThompson, R.L.
110 1 _aCentro Nacional de Pesquisa de Milho e Sorgo, Sete Lagoas, MG (Brasil)
_91790
245 1 _aA posicao brasileira no mercado mundial de milho, e os efeitos potenciais da expansao das exportacoes de milho pelo Brasil [preco, Zea mays]
260 3 _aSete Lagoas, MG (Brasil):
_c1978.
300 _a144 p.
500 _a41 tables; Bibliography p. 93-102 (133 ref.); Summary (Eng)
650 _aMILHO
650 _aEXPORTACAO
650 _aPRECO
650 _aMERCADO INTERNACIONAL
909 _a202309
_bLucia
_c55
_dLucia Elande
942 _cBK
999 _c27216
_d27216